000 00807nam a2200265 i 4500
001 134822
003 ES-MaACL
005 20250603170000.0
007 t|
008 070629s1961 sp ||||1| spa d
080 _a929 Costa, Joaquín
080 _a329.12(460)"18/19"
080 _a308(460)"18"
100 1 _aTierno Galván, Enrique,
_d1918-1986
_9110235
245 1 0 _aCosta y el regeneracionismo /
_cEnrique Tierno Galván.
260 _aBarcelona :
_bBarna,
_c[1961]
300 _a269 p. :
_bil. ;
_c19 cm.
490 1 _aVida europea
600 1 4 _aCosta, Joaquín,
_d1846-1911
_941054
650 4 _aRegeneracionismo
_916742
651 4 _aEspaña-
_xSituación social-
_yS.XIX
_98512
830 1 _aVida europea
_9219875
852 4 _aES-MaACL
_jC-20831
999 _c134822
_d134822